00406nam a2200145Ia 4500003000900000008004100009040001600050080002100066100002000087245005800107260004000165300001000205500002600215650001900241IN-BaIIA211028s9999 xx 000 0 eng d cIIA Library a083.8:524bFLA-3 aFlameteed, John 0aHistoria coelestis britannicabvol. 3cJohn Flameteed aLondonbGreenwich Observatoryc1725 a164p. aJournal accn no; 3817 aStar Catalogue